000 00563nam a2200205 a 4500
001 17251
003 CO-ViMGA
008 141112s2004 ck r 000 u spa d
020 _a8423418731
040 _aCO-ViMGA
_bspa
_cCO-ViMGA
082 0 4 _a371.3028 S456c
100 1 _aSimonet, Renee; Simonet, Jean
_924526
245 1 0 _aCómo tomar apuntes
260 _aMadríd (España),
_cDeusto,
_c2002
300 _a149.p.
590 _aForma de adquisición : Premio - Mincultura
650 1 4 _aANOTACIONES
_924527
650 1 4 _aMETODOS DE ESTUDIO
942 _2ddc
_cBK
999 _c26821
_d26821